1791 1659 1235 1342 1791 1141 1171 1525 1259 1583 1474 1411 1985 1951 1637 1531 1403 1642 1324 1115 1360 1417 1999 1508 1516 1294 1163 1465 1744 1434 1979 1808 1155 1020 1433 1596 1392 1324 1956 1647 1924 1462 1646 1234 1343 1770 1634 1704 1026 1269 1859 1252 1878 1641 1409 1305 1228 1419 1694 1264 1322 1358 1611 1746 1786 1096 1880 1895 1925 1591 1823 1666 1663 1926 1739 1393 1223 1017 1813 1471 1778 1242 1917 1416 1673 1175 1903 1547 1927 1922 1662 1727 1066 1719 1507 1478 1759 1943 1858 BCNSPRNW ULIB Ver.6.0+V

เปลี่ยนเป็นภาษาไทย

Change to English
 แสดงรายละเอียดบรรณานุกรม
  กลับหน้าหลัก

Brief Record : Get Marc (ISO 2709) : E-mail record : QR code < ปิดหน้าต่าง
LEADER : 00000nam 2200000uu 4500
001    13399128939
003     ULIB
008    241030s2023||||th 000 0 tha d
020    ^a9781009275187 (pbk.)
050  4 ^aPE1128^bI22
245 00 ^aIELTS 18 academic with answers :^bauthentic examinationtests /^c[Cambridge University Press]
260    ^aCambridge :^bCambridge University Press,^c2023
300    ^a144 p. :^bill. ;^c25 cm.
650  0 ^aInternational English Language Testing System^vStudyguides
650  0 ^aEnglish language^vTextbooks for foreign speakers
650  0 ^aEnglish language^xStudy and teaching
650  0 ^aEnglish language^xExaminations^vStudy guides
650  0 ^aEnglish language^vProblems, exercises, etc.
653    ^aIELTS
945    ^p989^l0^i011193
999    ^aประนอม เกษจรัล
รายการนี้ยังไม่มีแท็ก
คุณยังไม่ได้ล็อกอิน คุณสามารถมีกิจกรรมร่วมกับเว็บไซต์ได้ แต่ต้องล็อกอินก่อน ::
  ล็อกอิน

รายการสื่อสารสนเทศ

ลำดับที่ ประเภท เลขเรียก/บาร์โค้ด สถานที่ สถานะ
1. การศึกษาทั่วไป
หนังสือสำรอง
สถานะ=หนังสือสำรอง
PE1128 I22 ฉ.1 
  Barcode: 011193
ห้องสมุดวิทยาเขตสวรรค์ประชารักษ์
►หนังสือทั่วไป
บนชั้น

BibComment


ยังไม่เคยถูกคอมเมนท์

คอมเมนท์ทรัพยากรรายการนี้
  คอมเมนท์: IELTS 18 academi..


 Copyright 2026. Bcnsprnw @Library